000 01154nam a2200229Ia 4500
003 Ost
005 20260507075444.0
008 260507s9999||||xx |||||||||||||| ||und||
040 _cfsecg
041 _aara
082 _a657
100 _aالراوي، حكمت احمد
_eمؤلف
245 0 _aدراسات في محاسبة المنشات الخاصة :
_bالاقسام والفروع-الجمعيات-النوادي-النادق-المهن الحرة-المقاولات-المستشفيات-النقل البحري /
_c حكمت احمد الراوي
260 _aعمان:
_bدار المستقبل,
_c2001
300 _a234 صفحة؛
_bإيضاحات ؛
_c23 سم
520 _aمفهوم المحاسبة الخاصةن محاسبة الجمعيات والنوادي، محاسبة الفنادق، المهن الحرة، المحاسبة والمقاولات، المحاسبة في المستشفيات، المحاسبة في شركات النقل البحري
653 _aالفنادق
653 _aالمحاسبة
653 _aالمحاسبة التحليلية
653 _aالنقل البحري
942 _cكتاب
999 _c44575
_d44575